[Event "San Francisco TNM Fall op"]
[Site "San Francisco"]
[Date "2013.11.26"]
[Round "6"]
[White "Morgan, Jerry"]
[Black "Veksler, Alexander"]
[Result "0-1"]
[WhiteElo "1625"]
[BlackElo "1874"]
[PlyCount "70"]
[EventDate "2013.10.22"]
[EventType "swiss"]
[EventRounds "9"]
[EventCountry "USA"]
[SourceTitle "EXT 2016"]
[Source "ChessBase"]
[SourceDate "2015.10.08"]
[SourceVersion "1"]
[SourceVersionDate "2015.10.08"]
[SourceQuality "1"]

1. f4 e6 2. Nf3 g6 3. d3 Nc6 4. e4 Nf6 5. Be2 d5 6. e5 Nh5 7. g4 Ng7 8. d4 Bb4+ 9. c3 Be7 10. h4 f5 11. g5 Nh5 12. Rg1 Bd7 13. Be3 a6 14. Nh2 Ng7 15. h5 0-0 16. hxg6 hxg6 17. Nd2 b5 18. Nhf3 Na5 19. Nh4 Kf7 20. Bf3 Nc4 21. Nxc4 bxc4 22. Qe2 c5 23. Rh1 Rh8 24. Rh3 Qb6 25. Qh2 Rab8 26. Rb1 Qa5 27. Ra1 cxd4 28. Bxd4 Bc5 29. Rd1 Bxd4 30. Rxd4 Qxa2 31. Rd2 Qb1+ 32. Kf2 Rxb2 33. Rxb2 Qxb2+ 34. Kg3 Qxh2+ 35. Rxh2 Nh5+ 0-1

[Event "San Francisco Neil Falconer op"]
[Site "San Francisco"]
[Date "2013.10.01"]
[Round "9"]
[White "Veksler, Alexander"]
[Black "Grey, Peter G"]
[Result "1/2-1/2"]
[WhiteElo "1875"]
[BlackElo "2000"]
[PlyCount "98"]
[EventDate "2013.08.06"]
[EventType "swiss"]
[EventRounds "9"]
[EventCountry "USA"]
[SourceTitle "EXT 2016"]
[Source "ChessBase"]
[SourceDate "2015.10.08"]
[SourceVersion "1"]
[SourceVersionDate "2015.10.08"]
[SourceQuality "1"]

1. e4 c5 2. Nf3 e6 3. d4 cxd4 4. Nxd4 Nf6 5. Bd3 Nc6 6. Nxc6 dxc6 7. Bg5 Qa5+ 8. Qd2 Bb4 9. c3 Be7 10. b4 Qc7 11. 0-0 h6 12. Be3 e5 13. f3 Be6 14. Qf2 b6 15. a4 0-0 16. a5 c5 17. bxc5 Bxc5 18. Bxc5 Qxc5 19. Qxc5 bxc5 20. c4 Rab8 21. Rd1 Rb4 22. Na3 a6 23. Nc2 Rb7 24. Ne3 Rfb8 25. Nd5 Nd7 26. Bf1 Kf8 27. Nc3 Ke8 28. Rd6 Ra8 29. Rdd1 Rd8 30. Rab1 Rdb8 31. Rxb7 Rxb7 32. Rd6 Ra7 33. Rc6 Kd8 34. Na4 Nb8 35. Rxc5 Rc7 36. Rxc7 Kxc7 37. Nc5 Bc8 38. Kf2 Nc6 39. Nb3 Be6 40. Ke3 f6 41. g3 Nb4 42. f4 Bd7 43. Nc5 Kd6 44. Nxd7 Kxd7 45. Kd2 Nc6 46. c5 Nxa5 47. Ke3 Kc6 48. Bxa6 Kxc5 49. fxe5 fxe5 1/2-1/2

[Event "San Francisco Neil Falconer op"]
[Site "San Francisco"]
[Date "2013.09.17"]
[Round "7"]
[White "Hilliard, Michael"]
[Black "Veksler, Alexander"]
[Result "0-1"]
[WhiteElo "1400"]
[BlackElo "1875"]
[PlyCount "120"]
[EventDate "2013.08.06"]
[EventType "swiss"]
[EventRounds "9"]
[EventCountry "USA"]
[SourceTitle "EXT 2016"]
[Source "ChessBase"]
[SourceDate "2015.10.08"]
[SourceVersion "1"]
[SourceVersionDate "2015.10.08"]
[SourceQuality "1"]

1. d4 d5 2. Nf3 Nf6 3. e3 e6 4. Bd3 Bd6 5. Nbd2 Nbd7 6. 0-0 0-0 7. Re1 c5 8. c3 c4 9. Bc2 b5 10. e4 dxe4 11. Nxe4 Bc7 12. Nxf6+ Nxf6 13. Ne5 Bb7 14. Re3 Qd5 15. Rg3 Bxe5 16. dxe5 Qxe5 17. Bh6 Ne8 18. Qg4 f5 19. Qd1 Kh8 20. Re3 Qd5 21. Qxd5 Bxd5 22. Bf4 Nf6 23. h3 Nh5 24. Be5 f4 25. Ree1 f3 26. g4 Nf4 27. Bxf4 Rxf4 28. Re3 Re8 29. Rae1 g6 30. Be4 Bxe4 31. Rxe4 Rf6 32. Re5 a6 33. a3 Kg7 34. Kh2 Kf7 35. Kg3 Rd8 36. R5e3 Rd2 37. Rb1 h6 38. Rxf3 Rxf3+ 39. Kxf3 Rd3+ 40. Kg2 Kf6 41. h4 e5 42. f3 h5 43. Rf1 Ke6 44. gxh5 Rd2+ 45. Rf2 Rxf2+ 46. Kxf2 gxh5 47. Ke3 Kf5 48. Kf2 Kf4 49. Kg2 e4 50. fxe4 Kxe4 51. Kg3 Ke3 52. Kg2 Kf4 53. Kh3 Kf3 54. Kh2 Kg4 55. Kh1 Kxh4 56. Kh2 Kg4 57. Kg2 Kf4 58. Kh3 Ke3 59. Kh4 Kd2 60. Kxh5 Kc2 0-1

[Event "Ruhrgebiet Verbandsliga2 1011"]
[Site "Nordrheinwestfalen"]
[Date "2010.11.14"]
[Round "3.8"]
[White "Veksler, Alexander"]
[Black "Jenderny, Dietmar"]
[Result "1/2-1/2"]
[WhiteElo "1912"]
[BlackElo "1791"]
[PlyCount "40"]
[EventDate "2010.09.12"]
[EventType "team-tourn"]
[EventRounds "9"]
[EventCountry "GER"]
[SourceTitle "EXT 2020"]
[Source "ChessBase"]
[SourceDate "2019.10.17"]
[SourceVersion "1"]
[SourceVersionDate "2019.10.17"]
[SourceQuality "1"]
[WhiteTeam "Dortmund FS 98"]
[BlackTeam "Wattenscheid SV IV"]
[WhiteTeamCountry "GER"]
[BlackTeamCountry "GER"]

1. e4 c5 2. Nf3 a6 3. d4 cxd4 4. Nxd4 d6 5. c4 Nf6 6. Nc3 g6 7. Be2 Bg7 8. 0-0 0-0 9. Be3 Nc6 10. Rc1 Ng4 11. Nxc6 Nxe3 12. Nxd8 Nxd1 13. Rfxd1 Rxd8 14. Rc2 Be6 15. Nd5 Bxd5 16. cxd5 Rdc8 17. Rdc1 Rxc2 18. Rxc2 Rb8 19. b3 Bd4 20. a4 a5 1/2-1/2